MANUEL BARTLETT DIAZ : (Registro nro. 37300)
[ vista simple ]
| 000 -LEADER | |
|---|---|
| fixed length control field | 00562nam a2200181 a 4500 |
| 001 - CONTROL NUMBER | |
| control field | 37300 |
| 005 - DATE AND TIME OF LATEST TRANSACTION | |
| control field | 20180714010202.0 |
| 008 - FIXED-LENGTH DATA ELEMENTS--GENERAL INFORMATION | |
| fixed length control field | 140415s1998 mx 000 0 spa d |
| 041 ## - LANGUAGE CODE | |
| Language code of text/sound track or separate title | spa |
| 082 ## - DEWEY DECIMAL CLASSIFICATION NUMBER | |
| Classification number | 370 |
| Item number | LEO |
| 100 1# - MAIN ENTRY--PERSONAL NAME | |
| Personal name | LEON LOPEZ, E. G. |
| 245 10 - TITLE STATEMENT | |
| Title | MANUEL BARTLETT DIAZ : |
| Remainder of title | SINTESIS DE SU LABOR EDUCATIVA |
| 260 ## - PUBLICATION, DISTRIBUTION, ETC. | |
| Place of publication, distribution, etc. | MEXICO : |
| Name of publisher, distributor, etc. | CENTRO INTERNACIONAL DE PROSPECTIVA Y ALTOS ES..., |
| Date of publication, distribution, etc. | 1998 |
| 300 ## - PHYSICAL DESCRIPTION | |
| Extent | 160 |
| 490 ## - SERIES STATEMENT | |
| Series statement | COL.PUEBLA |
| 500 ## - GENERAL NOTE | |
| General note | COLECCIÓN PUEBLA |
| 650 14 - SUBJECT ADDED ENTRY--TOPICAL TERM | |
| Topical term or geographic name entry element | DESCENTRALIZACION DE ESCUELAS |
| General subdivision | EDUCACION |
| -- | MODERNIZACION |
| Withdrawn status | Lost status | Source of classification or shelving scheme | Damaged status | Not for loan | Collection code | Home library | Current library | Shelving location | Date acquired | Source of acquisition | Inventory number | Total Checkouts | Full call number | Barcode | Date last seen | Price effective from | Koha item type |
|---|---|---|---|---|---|---|---|---|---|---|---|---|---|---|---|---|---|
| Dewey Decimal Classification | Consulta en sala | Puebla | Biblioteca Karol Wojtyla | Biblioteca Karol Wojtyla | Área de silencio | 03/12/2013 | Compra | 151000000000000000072482 | 370 LEO | 56103 | 05/01/2026 | 03/12/2013 | Libro |